[Event "SUI-ch Seniors"]
[Site "Saas Almagell"]
[Date "2005.07.15"]
[Round "9"]
[White "Rickenbach, Jakob"]
[Black "Morger, Hans Georg"]
[Result "0-1"]
[WhiteElo "2058"]
[BlackElo "2228"]
[PlyCount "46"]
[EventDate "2005.07.07"]
[EventType "swiss"]
[EventRounds "9"]
[EventCountry "SUI"]
[SourceTitle "EXT 2019"]
[Source "ChessBase"]
[SourceDate "2018.10.10"]
[SourceVersion "1"]
[SourceVersionDate "2018.10.10"]
[SourceQuality "1"]

1. e4 c5 2. Nc3 Nc6 3. f4 g6 4. Nf3 Bg7 5. Nd5 e6 6. Ne3 d5 7. e5 Nge7 8. Bb5 h5 9. Bxc6+ bxc6 10. c3 Ba6 11. d3 0-0 12. b3 Qa5 13. Bd2 Bxd3 14. Ng5 Nf5 15. Nxf5 exf5 16. c4 Qd8 17. Qf3 dxc4 18. bxc4 Qd4 19. Rc1 Be4 20. Nxe4 fxe4 21. Qe3 Rfd8 22. Ke2 Rab8 23. Rc2 Qd3+ 0-1

[Event "SUI-ch Seniors"]
[Site "Saas Almagell"]
[Date "2005.07.13"]
[Round "7"]
[White "Morger, Hans Georg"]
[Black "Eggenberger, Werner"]
[Result "0-1"]
[WhiteElo "2228"]
[BlackElo "2097"]
[PlyCount "80"]
[EventDate "2005.07.07"]
[EventType "swiss"]
[EventRounds "9"]
[EventCountry "SUI"]
[SourceTitle "EXT 2019"]
[Source "ChessBase"]
[SourceDate "2018.10.10"]
[SourceVersion "1"]
[SourceVersionDate "2018.10.10"]
[SourceQuality "1"]

1. d4 d5 2. c4 c6 3. Nf3 Nf6 4. e3 e6 5. Nc3 Nbd7 6. Qc2 dxc4 7. a4 c5 8. Bxc4 a6 9. 0-0 Qc7 10. Ba2 Be7 11. e4 cxd4 12. Nxd4 Qe5 13. Qd1 Bc5 14. Be3 Ng4 15. Qxg4 Bxd4 16. Bxd4 Qxd4 17. Rad1 Qf6 18. f4 0-0 19. e5 Qe7 20. Rfe1 Qb4 21. Re2 Nc5 22. Bb1 b5 23. Re3 g6 24. Rh3 f5 25. exf6 e5 26. Ba2+ Nb3 27. Rd7 Bxd7 28. Qxd7 Rf7 29. Qc6 Rd8 30. Qe4 Qc5+ 31. Qe3 Qxe3+ 32. Rxe3 exf4 33. Re7 bxa4 34. Nxa4 Rxf6 35. Bxb3+ Kh8 36. Kf2 g5 37. Kf3 Rd3+ 38. Kg4 Rxb3 39. Kxg5 Rg6+ 40. Kxf4 Rb4+ 0-1